[Event "Wch Seniors 14th"]
[Site "Halle"]
[Date "2004.11.04"]
[Round "10"]
[White "Sorger, Reinhard"]
[Black "Spindler, Egbert"]
[Result "1-0"]
[WhiteElo "1870"]
[BlackElo "2089"]
[PlyCount "117"]
[EventDate "2004.10.24"]
[EventType "swiss"]
[EventRounds "11"]
[EventCountry "GER"]
[SourceTitle "EXT 2005"]
[Source "ChessBase"]
[SourceDate "2004.11.15"]
[SourceVersion "1"]
[SourceVersionDate "2004.11.15"]
[SourceQuality "1"]

1. d4 d5 2. Nf3 Nf6 3. c4 c6 4. cxd5 cxd5 5. Nc3 Nc6 6. Bf4 e6 7. e3 Bb4 8. a3 Bxc3+ 9. bxc3 0-0 10. Nd2 Qa5 11. Qb3 a6 12. f3 h6 13. Bd3 Qd8 14. Bg3 Nh5 15. Bf2 Na5 16. Qb2 Bd7 17. Qc2 Bb5 18. g4 Bxd3 19. Qxd3 Nf6 20. g5 hxg5 21. Ke2 Qd7 22. Rag1 g4 23. Bh4 Ne8 24. Rxg4 f5 25. Rg6 Kf7 26. Rg2 Rc8 27. e4 Nd6 28. Rhg1 Rg8 29. exd5 exd5 30. Bg3 Ndc4 31. Be5 Nxe5 32. dxe5 Nc4 33. Nxc4 Rxc4 34. Rg6 Rc6 35. Rxc6 bxc6 36. Qxa6 Rb8 37. Re1 Rb2+ 38. Kd3 Qe6 39. Qa7+ Kg8 40. f4 Qh6 41. Qe3 Qxh2 42. Rc1 Rf2 43. e6 Kf8 44. Qc5+ Kg8 45. Qe3 Kf8 46. Rb1 Rb2 47. Qc5+ Kg8 48. Rxb2 Qxb2 49. Qb4 Qg2 50. Qb8+ Kh7 51. Qe5 Qf1+ 52. Kd2 Qf2+ 53. Kd1 Qf1+ 54. Kc2 Qf2+ 55. Kd3 Qf1+ 56. Kd4 Qf2+ 57. Qe3 c5+ 58. Kd3 Qf1+ 59. Kd2 1-0

[Event "Wch Seniors 14th"]
[Site "Halle"]
[Date "2004.11.02"]
[Round "8"]
[White "Titz, Herbert"]
[Black "Sorger, Reinhard"]
[Result "1-0"]
[WhiteElo "2087"]
[BlackElo "1870"]
[PlyCount "85"]
[EventDate "2004.10.24"]
[EventType "swiss"]
[EventRounds "11"]
[EventCountry "GER"]
[SourceTitle "EXT 2005"]
[Source "ChessBase"]
[SourceDate "2004.11.15"]
[SourceVersion "1"]
[SourceVersionDate "2004.11.15"]
[SourceQuality "1"]

1. e4 c5 2. Nf3 Nc6 3. d4 cxd4 4. Nxd4 e5 5. Nb5 a6 6. Nd6+ Bxd6 7. Qxd6 Qf6 8. Qa3 Nge7 9. Qg3 b5 10. Bg5 Qg6 11. Nd2 f6 12. Be3 Qxg3 13. hxg3 Bb7 14. c3 Rc8 15. Nb3 d6 16. Rd1 Rd8 17. Be2 0-0 18. g4 Nc8 19. f3 N6e7 20. Na5 Ba8 21. c4 Nc6 22. Nb3 N8a7 23. Bb6 Rde8 24. Bc7 Kh8 25. Bxd6 Rf7 26. Bc5 Rd8 27. Rxd8+ Nxd8 28. Kf2 bxc4 29. Bxc4 Rd7 30. Bxa6 Ne6 31. Be3 Nc6 32. Rc1 Ne7 33. Rc2 h6 34. Bb5 Rd8 35. a4 Nf4 36. Nc5 Bc6 37. Bxc6 Nxc6 38. Bxf4 exf4 39. Ne6 Rd6 40. Nxf4 Nb4 41. Re2 Kg8 42. Ke3 g5 43. Nd5 1-0

[Event "Wch Seniors 14th"]
[Site "Halle"]
[Date "2004.10.24"]
[Round "1"]
[White "Schuller, Erhard"]
[Black "Sorger, Reinhard"]
[Result "0-1"]
[WhiteElo "1645"]
[BlackElo "1870"]
[PlyCount "124"]
[EventDate "2004.10.24"]
[EventType "swiss"]
[EventRounds "11"]
[EventCountry "GER"]
[SourceTitle "EXT 2005"]
[Source "ChessBase"]
[SourceDate "2004.11.15"]
[SourceVersion "1"]
[SourceVersionDate "2004.11.15"]
[SourceQuality "1"]

1. e4 c5 2. Nf3 Nc6 3. d4 cxd4 4. Nxd4 e5 5. Nb5 a6 6. Nd6+ Bxd6 7. Qxd6 Qf6 8. Qd2 Nge7 9. c4 0-0 10. Nc3 Nd4 11. Bd3 d6 12. Qe3 Bd7 13. 0-0 Rac8 14. Bd2 Ne6 15. Ne2 Ng6 16. g3 h6 17. Bc3 Nc5 18. f4 Nxd3 19. Qxd3 Bh3 20. Rf2 Bg4 21. fxe5 Nxe5 22. Bxe5 Qxe5 23. Nc3 Qc5 24. Kg2 Bh3+ 25. Kg1 Be6 26. Nd5 Rfe8 27. b3 Bxd5 28. Qxd5 Rc7 29. Qxc5 dxc5 30. Re2 Re5 31. Kf2 g5 32. h3 Rce7 33. Rae1 Kg7 34. Kf3 Rd7 35. Re3 Kg6 36. g4 h5 37. Ke2 Rd4 38. Kf3 Rd2 39. R3e2 Rd6 40. Re3 Rf6+ 41. Kg3 h4+ 42. Kg2 Rf4 43. R1e2 Kg7 44. Re1 Kf8 45. R1e2 Ke7 46. Re1 b5 47. cxb5 axb5 48. R1e2 b4 49. Re1 Kd6 50. Rf3 Rexe4 51. Rxe4 Rxe4 52. Rxf7 Rd4 53. Rf5 Rd2+ 54. Rf2 Rd5 55. Rf6+ Ke5 56. Rf5+ Ke4 57. Rxd5 Kxd5 58. Kf2 Kd4 59. Kf3 Kd3 60. Kf2 Kc2 61. Ke3 Kb2 62. Ke4 Kxa2 0-1

[Event "GER Seniors Derby 02nd"]
[Site "Wesel/Heidelust"]
[Date "2003.03.13"]
[Round "2"]
[White "Sorger, Reinhard"]
[Black "Jacoby, Gisbert"]
[Result "1/2-1/2"]
[WhiteElo "1821"]
[BlackElo "2110"]
[PlyCount "63"]
[EventDate "2003.03.13"]
[EventType "swiss"]
[EventRounds "7"]
[EventCountry "GER"]
[SourceTitle "EXT 2006"]
[Source "ChessBase"]
[SourceDate "2005.11.24"]
[SourceVersion "1"]
[SourceVersionDate "2005.11.24"]
[SourceQuality "1"]

1. d4 d5 2. Nf3 Nf6 3. Bg5 Nbd7 4. e3 e6 5. a3 Be7 6. c4 0-0 7. Nc3 a6 8. Bd3 dxc4 9. Bxc4 b5 10. Bd3 c5 11. 0-0 Bb7 12. Rc1 Rc8 13. Re1 cxd4 14. exd4 Nb6 15. Ne5 Nbd5 16. Ne2 Qb6 17. Qd2 Rfd8 18. b4 Ne8 19. Rxc8 Rxc8 20. Bxe7 Nxe7 21. Rc1 Rd8 22. Rc5 Nd6 23. Qc2 g6 24. h4 Nef5 25. Bxf5 Nxf5 26. Nc6 Rd6 27. Na5 Nxd4 28. Nxd4 Rxd4 29. Nxb7 Qxb7 30. h5 Qd7 31. h6 Rc4 32. Rxc4 1/2-1/2